RICS European housing review 2012 (Record no. 113328)
[ view plain ]
| 000 -LEADER | |
|---|---|
| fixed length control field | 01832cad a22002415a 4500 |
| 001 - CONTROL NUMBER | |
| control field | L155111 |
| 008 - FIXED-LENGTH DATA ELEMENTS--GENERAL INFORMATION | |
| fixed length control field | 120302s2012 xxk 000 0 eng u |
| 035 ## - SYSTEM CONTROL NUMBER | |
| System control number | (Sirsi) u155111 |
| 041 0# - LANGUAGE CODE | |
| Language code of text/sound track or separate title | eng |
| 050 04 - LIBRARY OF CONGRESS CALL NUMBER | |
| Classification number | 306.1094 $2 18 |
| 100 1# - MAIN ENTRY--PERSONAL NAME | |
| Personal name | Ball, Michael |
| 245 00 - TITLE STATEMENT | |
| Title | RICS European housing review 2012 |
| Remainder of title | Executive summary |
| Medium | [electronic resource] |
| 260 ## - PUBLICATION, DISTRIBUTION, ETC. | |
| Place of publication, distribution, etc. | London |
| Name of publisher, distributor, etc. | RICS |
| Date of publication, distribution, etc. | 2012 |
| 490 #0 - SERIES STATEMENT | |
| Series statement | RICS European Housing Review |
| Volume/sequential designation | 2012 |
| 520 ## - SUMMARY, ETC. | |
| Summary, etc. | Looks at the performance of European housing markets in 2011, analysing trends across the continent in areas such as inflation, building activity, mortgage markets and turnover. House price change was relatively moderate. France, Iceland, Norway and Switzerland all experienced price rises of more than 5%. Ireland and Spain saw the greatest house price falls. In the UK, real house prices have fallen by a third since 2007, whereas France and Germany had far more modest declines of a 10th or less. Housebuilding has fallen sharply across most of Europe since the onset of the financial crisis, the only exception being Switzerland. Only modest falls have been experienced in Germany and France. A good supply of mortgage credit is essential to sustained housing market recovery in Europe. However, mortgage availability was being cut back in most European countries towards the end of 2011. The Eurozone crisis and new banking regulatory requirements were compounding lender caution in face of weakening housing markets. |
| 590 ## - LOCAL NOTE (RLIN) | |
| Local note | KA |
| 650 24 - SUBJECT ADDED ENTRY--TOPICAL TERM | |
| Topical term or geographic name entry element | RICS EUROPEAN HOUSING REVIEW |
| 651 #4 - SUBJECT ADDED ENTRY--GEOGRAPHIC NAME | |
| Geographic name | Europe |
| 690 ## - LOCAL SUBJECT ADDED ENTRY--TOPICAL TERM (OCLC, RLIN) | |
| Topical term or geographic name as entry element | Residential property |
| 9 (RLIN) | 6266 |
| 710 2# - ADDED ENTRY--CORPORATE NAME | |
| Corporate name or jurisdiction name as entry element | Royal Institution of Chartered Surveyors |
| Subordinate unit | Europe |
| 9 (RLIN) | 5921 |
| 856 40 - ELECTRONIC LOCATION AND ACCESS | |
| Uniform Resource Identifier | <a href="https://www.rics.org/Global/Downloads/EHR_%202012_Summary_270212_dwl_aj.pdf">https://www.rics.org/Global/Downloads/EHR_%202012_Summary_270212_dwl_aj.pdf</a> |
| Public note | View the report free of charge on the www.rics.org website. |
| 942 ## - ADDED ENTRY ELEMENTS (KOHA) | |
| Suppress in OPAC | 0 |
| Withdrawn status | Lost status | Source of classification or shelving scheme | Damaged status | Not for loan | Home library | Current library | Shelving location | Date acquired | Total Checkouts | Full call number | Barcode | Date last seen | Copy number | Price effective from | Koha item type |
|---|---|---|---|---|---|---|---|---|---|---|---|---|---|---|---|
| Dewey Decimal Classification | Archives | Archives | RICS Boxes | 07/03/2012 | RICS 2012/4 | 30077332 | 06/08/2019 | 1 | 06/08/2019 | Archive | |||||
| Dewey Decimal Classification | London | London | RICS Boxes | 07/03/2012 | RICS 2012/4 | 30077308 | 06/08/2019 | 1 | 06/08/2019 | Book | |||||
| Dewey Decimal Classification | London | London | RICS Boxes | 07/03/2012 | RICS 2012/4 | 30077328 | 06/08/2019 | 2 | 06/08/2019 | Book | |||||
| Dewey Decimal Classification | Virtual | Virtual | Online | 02/03/2012 | ONLINE PUBLICATION | 155111-2001 | 06/08/2019 | 1 | 06/08/2019 | Book |